| 000 | 00651nam a2200193 a 4500 | ||
|---|---|---|---|
| 001 | 000967750 | ||
| 003 | AM-YeHGA | ||
| 005 | 20250617150047.0 | ||
| 008 | 130611s1957 ||| r 000 0 rus d | ||
| 040 | _aAM-YeHGA | ||
| 041 | 0 | _arus | |
| 100 | 1 | _aТвардовский, Александр Трифонович | |
| 245 | 1 | 0 |
_aПоэмы / _cА.Т. Твардовский. |
| 260 |
_aМосква : _bСов. писатель, _c1957. |
||
| 300 | _a427 с. | ||
| 505 | 0 | _aСтрана Муравия; Василий Теркин; Дом у дороги; За далью даль | |
| 650 | 1 | 4 | _aСоветская поэзия |
| 090 | _c325409 | ||
| 999 |
_c323664 _d323664 |
||